000 00508nam a2200169Ia 4500
999 _c19342
_d19342
003 OSt
005 20200707115942.0
008 190216s9999||||xx |||||||||||||| ||und||
040 _coclc
082 _a973
_bMAJ/H
100 _aMajumdar, R K
_93042
245 0 _aHistory Of The United States Of America /
_cR K Majumdar ; A N Srivastva
260 _bSurjeet Publications,
_c1984.
_aDelhi:
300 _a251p
650 _aAmerican History
942 _cBK
_2ddc
_h973
_iMAJ/H
_k973
_mMAJ/H